|
|
|
|
| LEADER |
00967nas a2200253 i 4500 |
| 003 |
GR-PaULI |
| 008 |
770923d20039999greqr p 0 b0eng d |
| 022 |
|
|
|2
|a 1082-989X
|l 1082-989X
|
| 035 |
|
|
|a
|
| 040 |
|
|
|a GR-PaULI
|b gre
|c GR-PaULI
|e AACR2
|
| 082 |
|
4 |
|a 150 12
|2 23
|
| 222 |
|
0 |
|a
|
| 245 |
0 |
0 |
|a Psychological methods
|c
|
| 260 |
|
|
|a Washington :
|b American Psychological Association
|
| 300 |
|
|
|a v. ;
|c 28 εκ.
|
| 310 |
|
|
|a τριμηνιαίο
|
| 362 |
0 |
|
|a 'Αρχισε το 2003.
|
| 588 |
|
|
|a Η περιγραφή βασίζεται σε : Vol. 10, no. 3 (2005).
|
| 650 |
|
0 |
|a Ψυχολογία-Μεθολογία
|v Περιοδικά
|9 165168
|
| 866 |
|
|
|a Vol. 8, no. 1-4 (2003)-vol. 9, no. 1-4 (2004)-vol. 10, no. 1-3 (2005)
|
| 942 |
|
|
|2 ddc
|c JNL
|
| 952 |
|
|
|0 0
|1 0
|2 ddc
|4 0
|6 150_120000000000000
|7 1
|9 216753
|a LISP
|b LISP
|c SER
|d 2017-10-27
|i 2814
|l 0
|o 150 12
|r 2017-10-27 00:00:00
|w 2017-10-27
|y JNL
|
| 998 |
|
|
|c ΙΩΑΝΝΟΥ
|d 2017-08
|
| 999 |
|
|
|c 131424
|d 131424
|